000 00419nam a2200181Ia 4500
008 240510s9999 xx 000 0 und d
020 _a9788172454661
041 _aEng
082 _a420
082 _bS55
100 _aSOOD,M.
245 4 _aThe Essential Handbook of Letters for All Occasions
260 _bIndia,Goodwill Publishing House
260 _c0
300 _a242 p.
942 _2ddc
942 _cLBK
999 _c29003
_d29003
945 _a1
_bMadushi Gamage
_c1
_dMadushi Gamage